00413nam a2200145Ia 4500008004100000041000800041082001600049100001700065245009700082250000800179260002800187300000800215365001600223700002800239230718s9999 xx 000 0 und d aeng a004.16bTRI aTrieble W.A. a8088 And 8086 MicroprocessorsbProgramming, Interfacing, Software, Hardware And Applications a4th c2009bPearson Education a843 cRs.b390.00 aTrieble W.A. & Singh A.